A Great Chaos by Ken Carson - Statistics

General Stats
  • This quiz has been taken 1,650 times
  • The average score is 14 of 18
Answer Stats
Hint Answer % Correct
1 Green Room
92%
2 Jennifer's Body
89%
3 Fighting My Demons
87%
15 Nightcore
82%
4 Singapore
82%
18 i need u
81%
9 Succubus
81%
16 Nightcore 2
80%
6 Hardcore
79%
10 Paranoid
79%
5 Lose It
78%
7 Me N My Kup
77%
12 Like This
76%
8 It's Over
75%
11 Pots
74%
13 Overtime
73%
14 Vampire Hour
72%
17 Rockstar Lifestyle
71%
No matching quizzes found
Score Distribution
Percent of People with Each Score
Percentile by Number Answered
Your Score History
You have not taken this quiz